00698nam a2200241 a 4500001001300000003000900013005001700022008004100039020001000080082001600090100002600106245002000132260006000152300000800212500003500220505001300255650001600268700002600284902000800310942000700318952011600325999001500441nice12345678IN_TiNIC20260116011449.0050524s1938 no a grp 000 0 urd  ac10000a891.41bDAL aDaleel, Ghulam Husain aTohfa-I-Darwesh aNo Place bUnited We Serve the Church and Nation c1938 a62p aincludes index and biblioraphy2 aAppendix aUrdu-Poetry1 aDaleel, Ghulam Husain bSRS cBK 001040708StackRoom-aHMIbHMId2007-06-19g100.00l0o891.41 DALp04213r2007-06-19v100.00w2005-05-24yBK c1771d1771